Structural adjustment in Lowinca : (Record no. 543456)
[ view plain ]
| 000 -LEADER | |
|---|---|
| fixed length control field | 00611cam a2200169 a 4500 |
| 020 ## - INTERNATIONAL STANDARD BOOK NUMBER | |
| International Standard Book Number | 0821309749 |
| 082 00 - DEWEY DECIMAL CLASSIFICATION NUMBER | |
| Classification number | 388.90076 |
| Author Mark | STR |
| -- | D |
| 100 ## - MAIN ENTRY--PERSONAL NAME | |
| Personal name | Paul G. Clark. |
| 9 (RLIN) | 38817 |
| 245 00 - TITLE STATEMENT | |
| Title | Structural adjustment in Lowinca : |
| Remainder of title | a case exercise in economic policy analysis / |
| Statement of responsibility, etc. | Paul G. Clark |
| 260 ## - PUBLICATION, DISTRIBUTION, ETC. | |
| Place of publication, distribution, etc. | Washington, D.C. : |
| Name of publisher, distributor, etc. | World Bank, |
| Date of publication, distribution, etc. | c1988. |
| 300 ## - PHYSICAL DESCRIPTION | |
| Extent | x, 243 p. ; |
| Dimensions | 28 cm. |
| 526 ## - STUDY PROGRAM INFORMATION NOTE | |
| Program name | 0 |
| Interest level | 0 |
| Reading level | 0 |
| Title point value | 388_900760000000000_STR |
| 650 #0 - SUBJECT ADDED ENTRY--TOPICAL TERM | |
| Topical term or geographic name entry element | MCE |
| Geographic subdivision | Developing Countries |
| General subdivision | Problems, exercises, etc. |
| 9 (RLIN) | 38818 |
| 650 #0 - SUBJECT ADDED ENTRY--TOPICAL TERM | |
| Topical term or geographic name entry element | x, 243 p. : |
| General subdivision | Problems, exercises, etc. |
| 9 (RLIN) | 38819 |
| 700 1# - ADDED ENTRY--PERSONAL NAME | |
| Personal name | Clark, Paul G. |
| 9 (RLIN) | 38820 |
| 942 ## - ADDED ENTRY ELEMENTS (KOHA) | |
| Source of classification or shelving scheme | |
| Koha item type | Book |
| Withdrawn status | Lost status | Source of classification or shelving scheme | Damaged status | Not for loan | Permanent Location | Current Location | Date acquired | Total Checkouts | Full call number | Barcode | Date last seen | Price effective from | Koha item type |
|---|---|---|---|---|---|---|---|---|---|---|---|---|---|
| Military College of Engineering (MCE) | Military College of Engineering (MCE) | 03/25/2014 | 388.90076 STR | MCE-42689 | 03/25/2014 | 03/25/2014 | Book |
